[Event "Linares 12th"]
[Site "Linares"]
[Date "1994.??.??"]
[Round "9"]
[White "Polgar, Judit"]
[Black "Kramnik, Vladimir"]
[Result "0-1"]
[WhiteElo "2630"]
[BlackElo "2710"]
[Annotator "Anand,V"]
[PlyCount "90"]
[EventDate "1994.02.??"]
[EventType "tourn"]
[EventRounds "13"]
[EventCountry "ESP"]
[EventCategory "18"]
[SourceTitle "CBM 040"]
[Source "ChessBase"]
[SourceDate "1994.06.01"]
[SourceVersion "1"]
[SourceVersionDate "1994.06.01"]
[SourceQuality "1"]

1. e4 {Kramnik Boensch Bulletin} c5 2. Nf3 Nc6 3. d4 cxd4 4. Nxd4 Nf6 5. Nc3 d6
6. Bg5 e6 7. Qd2 Be7 8. O-O-O O-O 9. f4 Nxd4 10. Qxd4 Qa5 11. Bc4 Bd7 12. e5
dxe5 13. fxe5 Bc6 14. Bxf6 $2 {I watched this move being played with some
curiosity but it falls short} gxf6 15. Bd5 (15. Nd5 $10 {Boensch} Bxd5 (15...
exd5 16. exf6 Bxf6 17. Qxf6 dxc4 18. Rd4 h5 19. Rhd1 Rae8 (19... Rfe8 20. Rf4
$18) 20. Rd5 $10 {(Schwarz,R) Sizilianisch IV}) 16. exf6 Bxf6 17. Qxf6 Bxc4 18.
Rd4 Be2 19. Re4 Bh5 20. Re5 Qxa2 21. Rxh5 Rfd8 (21... Qa1+ 22. Kd2 Rfd8+ 23.
Kc3 $1 Qxh1 24. Rg5+ Kf8 25. Rg7 Rac8+ (25... Qe1+ 26. Kb3) 26. Kb3 Rd7 27. Qg5
Rd3+ $10) 22. Qg5+ Kf8 23. Qc5+ Ke8 24. Qa3 $10 {Marciano,D-Gschnitzer,O
Wildbad (01) 1990 1/4 48}) 15... f5 $1 {Simple and best} (15... fxe5 $2 16.
Qxe5 {Boensch} h6 17. h4 $1 exd5 18. Qxe7 $16 (18. Rd3 $2 Rfe8 $13)) (15... Kh8
{Kramnik} 16. Bxc6 (16. exf6 Bc5 17. Qg4 Rg8) 16... bxc6 (16... fxe5 17. Qa4)
17. exf6 Qg5+ 18. Qd2 Bxf6 19. Ne4 Qxd2+ 20. Rxd2) (15... Qb6 {Kramnik} 16.
Bxc6 Qxd4 17. Rxd4 bxc6 (17... fxe5 18. Rg4+) 18. Rd7 $14) 16. Bxc6 bxc6 17. g4
Bg5+ $1 {Black can try for more} (17... Rad8 18. Qf4 (18. Qe3 Rxd1+ 19. Rxd1
fxg4 20. Rg1 h5 $1) 18... Qxc3 19. Rxd8 (19. gxf5 {Boensch} Qb4 20. Qg3+ Kh8
21. f6 Rg8 22. fxe7 Qxe7 $10) (19. bxc3 Ba3+ 20. Kb1 Rb8+ $10 (20... Rb8+ {
Kramnik} 21. Ka1 Bb2+ 22. Kb1 Ba3+ $10)) (19. gxf5 $5) 19... Rxd8 20. bxc3 Ba3+
21. Kb1 Rb8+ 22. Ka1 Bb2+ 23. Kb1 Ba3+ $10) (17... Rab8 {Kramnik} 18. gxf5 Ba3
19. Na4) 18. Kb1 Rad8 (18... Rab8 {Kramnik} 19. gxf5 Rb4 20. Qg1 (20. Qd3)
20... Rxb2+ 21. Ka1 h6 $17) 19. Qc4 Rxd1+ 20. Rxd1 Qxe5 21. gxf5 exf5 {Not bad
but I prefer 21...Qxf5} (21... Qxf5 {Boensch} 22. Qxc6 Bf6 23. Ne4 Bg7 24. c3
$15) 22. Qxc6 (22. Rg1 {Boensch} Qe3 $17) 22... Rb8 (22... Qxh2 {Boensch} 23.
Qc5 Rd8 $15) 23. Qg2 (23. a3 {Kramnik} Bf6 (23... h6) 24. Rd5 Qe1+ (24... Qxc3
25. Rd8+ Kg7 26. Qg2+ Kh6 27. Rxb8 $18) 25. Rd1 (25. Ka2 Qe6) 25... Rxb2+ (
25... Qe5 26. Rd5) 26. Kxb2 Bxc3+ 27. Kc1 Bb2+ 28. Kxb2 Qxd1 29. Qc8+ Kg7 30.
Qxf5 $10) 23... h6 24. Ka1 (24. a3 $1 {Boensch} Kh8 25. Ka2 $10) (24. h4 {
Kramnik} Qxc3 25. b3 (25. Rd8+ Kg7) 25... Qf6 (25... Qe3) 26. Rg1 (26. hxg5
hxg5) 26... Kg7 27. hxg5 hxg5 28. Qxg5+ Qxg5 29. Rxg5+ Kf6 $15) 24... Kh8 (
24... Kh7 {Kramnik}) 25. a3 f4 (25... Bf6 $1 $15 {/\ Bg7.}) 26. Qh3 Qf6 27. Rd3
$1 (27. Qf3 {Kramnik} Qb6 28. Na4 Qe3) 27... Qb6 28. b3 (28. Nd1 {Kramnik} Rd8
$6) 28... Re8 29. Nd5 (29. Kb2 $1) 29... Qg1+ (29... Qc5 {Boensch} 30. Kb2 (30.
Kb1 {Kramnik} Re2 31. Nc3 Re3) 30... Re2 31. Nc3 Re3 $19) 30. Ka2 (30. Kb2 {
Boensch} Re1 31. Qf5 $13) 30... Kg7 (30... Qc1 31. Rc3 Kg7 (31... Re1 {Kramnik}
32. Rc8+ Kg7 (32... Kh7 33. Qd3+) 33. Qc3+)) 31. b4 (31. Rd2 {Kramnik} f3)
31... Qc1 (31... Re2 $17 {Boensch}) 32. Rc3 (32. Qg2 $1 Re1 (32... Rc8 {Boensch
} 33. c3 $10) 33. Kb3 {Kramnik} Rg1 34. Qe4 $5) 32... Re1 (32... Re2 {Boensch}
33. Qf5 $16) 33. Kb3 Re5 (33... Qb1+ {Kramnik} 34. Ka4) 34. Qd3 (34. Qf3 $5 Qd2
35. Rd3 Qxh2 36. c4 $13) (34. Qg2 $5 {Boensch}) 34... Qb1+ 35. Ka4 (35. Kc4 $13
{Boensch}) 35... Qh1 36. Rc5 (36. Nc7 {Kramnik} Re3 37. Qd4+ Bf6) 36... Qe4 $1
(36... Qxh2 37. Qd4) 37. Qc3 $2 (37. Nc3 $2 Qxd3 38. cxd3 Re3 $17) (37. Qxe4 $1
Rxe4 38. Rc3 {Boensch} Re5 39. Rd3 f3 40. c4 f2 41. Rf3 Bh4 $19) (37. Qd1 $1 {
Boensch /\ Nc3}) (37. h4 {Kramnik} Qxd3 38. cxd3 f3 39. hxg5 hxg5 $17) 37... f3
$1 $19 (37... Kh7 {Kramnik} 38. Qb3 $1 f3 39. Nc3 Qf4 40. Rxe5 f2 41. Ne2) 38.
Nb6 (38. Ne3 {Boensch} Bf6 39. Rxe5 Bxe5 40. Qd3 Qxd3 41. cxd3 Bxh2 $19) (38.
h4 {Kramnik} f2 39. hxg5 f1=Q 40. gxh6+ Kh7) (38. Rc4 {Kramnik} Qxd5 39. Rc5
Qd7+ 40. b5 Qg4+ 41. Kb3 f6 $19) 38... Bf6 39. Nd7 Rf5 40. Qd2 (40. Nxf6 {
Boensch} Rxf6 41. Rc4 Qf5 {Kramnik} 42. Qe1 f2 43. Qf1 Qg6 44. Rc3 Qg1 45. Rg3+
Rg6) (40. Qb3 {Kramnik} Rxc5 41. Nxc5 Qc6+ $19) 40... f2 41. Qd6 f1=Q $1 42.
Qf8+ Kg6 43. Qg8+ Bg7 44. Nf8+ Kh5 45. Qxf7+ Kh4 0-1

[Event "Hoogovens"]
[Site "Wijk aan Zee"]
[Date "1998.01.27"]
[Round "10"]
[White "Nijboer, Friso"]
[Black "Anand, Viswanathan"]
[Result "0-1"]
[WhiteElo "2580"]
[BlackElo "2770"]
[Annotator "Anand,V"]
[PlyCount "72"]
[EventDate "1998.01.16"]
[EventType "tourn"]
[EventRounds "13"]
[EventCountry "NED"]
[EventCategory "17"]
[SourceTitle "CBM 063"]
[Source "ChessBase"]
[SourceDate "1998.03.26"]
[SourceVersion "1"]
[SourceVersionDate "1998.03.26"]
[SourceQuality "1"]

1. e4 {Friso and I have played one game - a chaotic encounter in Wijk aan Zee
1990. Long time no see!} c5 2. Nf3 d6 3. d4 cxd4 4. Nxd4 Nf6 5. Nc3 Nc6 {
I had had enough of the Najdorf and decided to go with the Rauser for this
game.} 6. Bg5 e6 7. Qd2 Be7 8. O-O-O O-O 9. f4 Nxd4 10. Qxd4 Qa5 {The
Classical Rauser, the most solid of the many subsytems in my opinion.} 11. Kb1
{The main line is 11.Bc4, but this leads to a rather boring ending and Friso
is not that kind of a guy!} h6 12. h4 Rd8 13. Be2 (13. Bd3 Bd7 {Shirov and I
transposed into this position and as you can see from the game, the resource
Rxd3 saved Black.} 14. e5 dxe5 15. fxe5 Bc6 16. Qf4 Nh5 17. Qg4 Rxd3 $1 (17...
hxg5 $2 {Wrong order} 18. Qxh5 Rxd3 19. hxg5 $1 $18) 18. Rxd3 hxg5 19. Qxh5
gxh4 (19... g6 $1 $15 {Topalov and Kramnik felt afterwards that Black was even
better.}) 20. Rd4 g6 21. Rg4 Qc5 $1 {Keeping an eye on g1} (21... Bf6 $2 22.
Rxg6+ fxg6 23. Qxg6+ Bg7 24. Qxe6+ $18) 22. Rf1 Bf6 {Now that White doesn't
have Rh4 later.} 23. Rxg6+ fxg6 24. Qxg6+ Bg7 {1/2-1/2 Shirov,A-Anand,V 6th
Amber Rapid 1997}) 13... Bd7 $1 {The key differences (after 13.Be2) are that
Black can't eliminate the bishop with an exchange sacrifice and that the h5
square is covered (Nf6-h5, a typical resource in this position, in not
possible). I spent some time checking this move - in my opinion, a7-a6 is too
slow in this position and Bd7 is desirable and necessary - and finally found a
way to make it work for Black.} (13... a6 $6) 14. Qe3 (14. e5 dxe5 15. fxe5 Bc6
16. Qf4 (16. Qe3 Rxd1+ 17. Bxd1 hxg5 18. hxg5 Bxg2 $1 $17 {Taking away the h3
square after which White can't double on the h-file.}) 16... Rxd1+ 17. Bxd1 Qb4
$1 {The only move. Otherwise Black is just worse (at best!).} (17... hxg5 18.
hxg5 Nd5 19. Qh2 Nxc3+ 20. bxc3 $18) (17... Nd5 18. Nxd5 Bxg5 (18... Bxd5 19.
Bxe7 Qxa2+ 20. Kc1 $18) 19. hxg5 Bxd5 20. a3 $16) 18. Qg3 (18. exf6 hxg5 $1 19.
Qh2 Bd6 $17) (18. Qh2 Nd7 {One point of Qb4 - the bishop on e7 is protected.})
18... hxg5 19. hxg5 (19. exf6 Bxf6 20. hxg5 Bxc3 $19) 19... Nh7 20. Qh2 (20.
Rh4 Qc5 21. Qh2 Bxg5 22. Rxh7 Bh6) 20... Be4 $17 {Another point of Qb4}) 14...
Rac8 $1 {Now Black is harmoniously developed - an exchange sacrifice is
threatened.} 15. e5 $2 (15. g4 Rxc3 16. bxc3 Rc8 $44) 15... dxe5 16. fxe5 hxg5
(16... Rxc3 17. Qxc3 $1 Qxc3 18. bxc3 hxg5 19. exf6 {Black would have ~/=, but
in the game he is just winning.}) 17. hxg5 (17. exf6 Bxf6 18. hxg5 Rxc3 $1)
17... Rxc3 $1 18. Bd3 (18. bxc3 Nd5 19. Rxd5 (19. Qh3 Nxc3+ 20. Kc1 Nxe2+ $19)
19... exd5 $19) (18. Qf4 Ba4 $1 (18... Rxc2 19. gxf6 Rxb2+ (19... Rdc8 20. fxe7
Rxb2+ $11) 20. Kxb2 Ba3+ 21. Kb3 Rc8 {Fritzy}) (18... Qa4 19. Qh2 Qxc2+ 20. Ka1
Nh7 21. Bd3 Qxd1+ 22. Rxd1 Rxd3 23. Rh1 Rd1+ $1 24. Rxd1 Bc6 $17) 19. gxf6 (19.
Rxd8+ Bxd8) (19. bxc3 Bxc2+ $1 $19) 19... Bxc2+ 20. Ka1 Ra3 $1 21. Rxd8+ Bxd8
22. Bc4 Rxa2+ 23. Bxa2 Bb3 $19) (18. Qf2 Rxc2 $1 19. gxf6 (19. Kxc2 Qxa2 $1 $19
) 19... Rxb2+ 20. Kxb2 Ba3+ $19) 18... Rxd3 $8 {The kamikaze rook!} 19. cxd3 (
19. Rxd3 {Now the first rank is weak, so...} Nh5 20. Rxh5 Bc6 $19 {Due to Qe1,
White can't play Qh3}) 19... Ng4 20. Qh3 (20. Qg3 Qxe5 21. Qxg4 Qxg5 $19) 20...
Nh6 21. gxh6 Qxe5 22. Rde1 Qg5 23. hxg7 Qxg7 $19 24. Re3 Bg5 $2 {A silly error.
I saw 24...e5, but thought it didn't make a difference.} (24... e5 $1 {After
the game I said that 24...e5 would have been easier. Friso simply answered: "
after e5, I was going to resign!"} 25. Qh2 (25. Qh5 Bf6 $1) 25... Bf5 $19) 25.
Rg3 f6 26. Qg4 $1 $17 {Suddenly White is back in the game! Black is still
winning, but he has to be very careful.} Kf7 $1 {The king is actually safer on
g6} 27. Qd4 (27. Rgh3 e5 28. Qc4+ Be6) 27... Qg8 $1 28. Qe4 (28. Qxa7 Bc6 $17)
(28. Rgh3 e5 29. Rh7+ Kg6) 28... Bc6 29. Rh7+ Ke8 30. Qh4 Qg6 31. Qh3 Rd6 $1 {
/\ Kd8-c8} 32. a3 Kd8 33. Ka1 Qf5 34. Qh1 $8 Bd7 35. d4 Rc6 36. Qh2 e5 {
The threat of Rc1 isn't going anywhere. Friso resigned.} 0-1

[Event "Linares m"]
[Site "Linares"]
[Date "1992.??.??"]
[Round "7"]
[White "Ivanchuk, Vassily"]
[Black "Anand, Viswanathan"]
[Result "1-0"]
[WhiteElo "2720"]
[BlackElo "2690"]
[Annotator "Anand,V"]
[PlyCount "101"]
[EventDate "1992.09.??"]
[EventType "match"]
[EventRounds "8"]
[EventCountry "ESP"]
[SourceTitle "CBM 031"]
[Source "ChessBase"]
[SourceDate "1992.12.01"]
[SourceVersion "1"]
[SourceVersionDate "1992.12.01"]
[SourceQuality "1"]

1. e4 c5 2. Nf3 d6 3. d4 cxd4 4. Nxd4 Nf6 5. Nc3 Nc6 6. Bg5 e6 7. Qd2 Be7 {
After the fifth game I felt like a change} 8. O-O-O O-O 9. f4 Nxd4 10. Qxd4 Qa5
11. Bc4 Bd7 12. e5 dxe5 13. fxe5 Bc6 14. Bd2 Nd7 15. Nd5 Qc5 16. Nxe7+ Qxe7 17.
Rhe1 Rfd8 18. Qg4 Nf8 19. Bd3 Rxd3 20. cxd3 Qd7 21. Kb1 $1 {Ivanchuk played
this natural move quickly and I was surprised that this move  ahdn't been
tried before} Qxd3+ 22. Ka1 Qf5 23. Qg3 Ng6 24. Bc3 h6 (24... h5 25. Rf1 Qg4
26. Qf2 Rf8 27. g3 $14) 25. Rf1 Qe4 26. Rd2 Bd5 (26... a5 27. Rdf2 Be8) 27. b3
Rc8 28. Kb2 a6 29. Rdf2 Rc7 30. Re1 Qh4 31. Qxh4 Nxh4 32. Rd1 $1 Ng6 33. g3 Ne7
34. Rd4 Nc6 35. Rdf4 Rd7 36. h4 h5 $2 (36... g6 $10 {Black just waits. When
White plays b4 and a4 Black plays b5. Though he has an unpleasant task ahead
of him he should be able to draw}) 37. g4 hxg4 $4 (37... Ne7 $1 38. gxh5 (38.
Rxf7 hxg4 39. Bb4 g3 40. Rf8+ Kh7 41. R2f7 g2 42. Bc5 Rc7 43. Bg1 Be4 $132)
38... Nf5 $14) 38. Rxg4 $18 Ne7 39. h5 Bc6 (39... Nf5 40. Rxf5 exf5 41. Rxg7+
$18) 40. h6 Ng6 41. hxg7 (41. Rxg6 $2 fxg6 42. Rf8+ Kh7 $1 $17) 41... Kxg7 42.
Bb4 Bd5 43. Bd6 b6 44. a4 b5 45. a5 f5 46. exf6+ Kf7 47. Be7 $1 e5 48. Rh2 Nxe7
49. fxe7 Kxe7 50. Rg6 e4 51. Rxa6 1-0

[Event "RUS-ch m1-2"]
[Site "Elista"]
[Date "1997.05.26"]
[Round "3.2"]
[White "Dvoirys, Semen I"]
[Black "Khalifman, Alexander"]
[Result "1-0"]
[WhiteElo "2590"]
[BlackElo "2650"]
[Annotator "Baburin,A"]
[PlyCount "73"]
[EventDate "1997.05.19"]
[EventType "k.o."]
[EventRounds "6"]
[EventCountry "RUS"]
[SourceTitle "CBM 059"]
[Source "ChessBase"]
[SourceDate "1997.08.01"]
[SourceVersion "1"]
[SourceVersionDate "1997.08.01"]
[SourceQuality "1"]

1. e4 {Gofshtein,L} c5 2. Nf3 d6 3. d4 cxd4 4. Nxd4 Nf6 5. Nc3 Nc6 6. Bg5 e6 7.
Qd2 Be7 8. O-O-O Nxd4 9. Qxd4 O-O 10. f4 Qa5 11. Bc4 Bd7 12. Bb3 Bc6 13. Rhe1
Rfe8 (13... Rad8 {Gofshtein,L} 14. Kb1 h6 15. Bh4 e5 16. Qf2 exf4 17. Qxf4 Nh5
$11 {Murreu-Dorfman,France 94}) (13... Rfd8 {Gofshtein,L} 14. Qd3 (14. Qf2 $5)
14... h6 15. Bh4 Qh5 16. Bg3 Nd7 $1 17. Qf1 Nc5 18. Bc4 Bf6 $132 {Dolmatov-Oll,
USSR 88}) 14. Kb1 {This quiet move may be a novelty; the following other moves
have been previously tested here:} (14. f5 exf5 15. e5 dxe5 16. Rxe5 Qc7 17.
Rxf5 Rad8 (17... Red8 {Gofshtein,L} 18. Qc4 $13 {Polgar.J-Sax.D}) 18. Qc4 Rxd1+
19. Nxd1 Bd8 20. Ne3 Qd7 21. Rf2 h6 $2 22. Rd2 Qxd2+ 23. Kxd2 $18 {Polgar,
J-Sax, Hungary 1991}) (14. Qf2 Ng4 15. Qh4 Bxg5 16. fxg5 Ne5 17. Rxd6 Qc5 18.
Rd2 b5 19. Qf2 Qxf2 20. Rxf2 a5 21. a3 b4 22. Na4 Rab8 $44 {
Tseshkovsky-Knoppert, Leeuwarden op 1994}) (14. e5 dxe5 15. fxe5 Rad8 16. Qf4
Nd5 17. Bxd5 Bxg5 18. Qxg5 Bxd5 19. Rd4 h6 20. Qg3 Qc5 21. Rg4 Qf8 22. a3 Bc6
23. Ne2 Kh7 24. Nf4 g6 25. Rf1 Be4 26. Nh5 Bf5 27. Nf6+ Kh8 28. Rh4 Rc8 29.
Rxf5 exf5 30. Qf4 h5 31. g4 Qg7 32. Qg5 {1-0 Tolnai-Leko, Budapest 1992}) 14...
Rad8 (14... h6 $6 {Gofshtein,L} 15. Bh4 e5 16. Qc4 $1) 15. Qf2 (15. Qd2 {
Gofshtein,L} h6 16. Bxf6 Bxf6 17. Nd5 $14 {Tolnai-Majer,Czech 95}) 15... h6 (
15... Ng4 {Gofshtein,L} 16. Qg3 Bxg5 17. fxg5 Ne5 18. h4 $13) 16. h4 $5 (16.
Bh4 {Gofshtein,L} Qh5) 16... Qc5 (16... hxg5 $2 {Gofshtein,L} 17. hxg5 $36) 17.
Qg3 Nh5 (17... Kf8 {Gofshtein,L} 18. f5 exf5 19. Be3 Qa5 20. exf5 Qxf5 21. Rf1
$40) 18. Qh2 hxg5 19. hxg5 g6 (19... Bxg5 {Gofshtein,L} 20. fxg5 Qxg5 21. Rh1
g6 22. g4 Qxg4 23. Rdg1 $18) 20. g4 Nxf4 {[#]} 21. Nd5 $3 {Yet another
Sicilian sacrifice and yet another motif: here the main point of this
manouevre is to block the 5th rank and disconnect Black's queen with the
kingside. GM Semen Dvoirys is particularly dangerous in such dynamic
situations as here, he leads this game with great energy.} ({Why the 5th rank
has to be blocked becomes apparent in the following line:} 21. Rh1 $2 Qe5 $19)
21... exd5 ({Black cannot disregard the knight, as} 21... Bxg5 $2 22. Rh1 Nh5
23. gxh5 {is bad for him.}) 22. Rh1 Nh5 23. gxh5 Kg7 24. exd5 Bd7 25. hxg6 Rh8
26. Qf4 f5 ({Black cannot get rid of the annoying g6-pawn, as} 26... fxg6 27.
Rhe1 {would be winning for White.}) (26... Rdf8 {Gofshtein,L} 27. Rxh8 $18) 27.
Rh6 $1 $18 Rde8 ({After} 27... Rxh6 28. gxh6+ Kh8 (28... Kxg6 {Gofshtein,L}) (
28... Kg8 29. c3 $40) 29. c3 $1 {(with the idea to activate the bishop via c2)
White's advantage is also decisive.} (29. g7+ Kh7 30. c3 $18)) 28. Qh2 Bxg5 29.
Rh7+ Rxh7 30. Qxh7+ Kf6 31. Qf7+ Ke5 32. Qxd7 Re7 33. Re1+ Kf4 34. Rf1+ Kg3 35.
Qxf5 Qe3 36. a3 Re4 37. Qf8 1-0

[Event "YUG-chT"]
[Site "Igalo"]
[Date "1994.??.??"]
[Round "1"]
[White "Beliavsky, Alexander G"]
[Black "Dokhoian, Yury"]
[Result "1/2-1/2"]
[WhiteElo "2640"]
[BlackElo "2580"]
[Annotator "Belov,I"]
[PlyCount "86"]
[EventDate "1994.??.??"]
[EventType "team"]
[EventRounds "9"]
[EventCountry "YUG"]
[SourceTitle "EXT 2000"]
[Source "ChessBase"]
[SourceDate "1999.11.16"]
[SourceVersion "1"]
[SourceVersionDate "1999.11.16"]
[SourceQuality "1"]

1. e4 c5 2. Nf3 d6 3. d4 cxd4 4. Nxd4 Nf6 5. Nc3 Nc6 6. Bg5 e6 7. Qd2 Be7 8.
O-O-O O-O 9. f4 Nxd4 10. Qxd4 Qa5 11. Bc4 Bd7 12. e5 (12. Rhe1 Bc6 13. f5 (13.
Bb3 Rad8 $5 14. Kb1 h6 15. Bh4 e5 16. Qf2 exf4 17. Qxf4 Nh5 18. Qf2 Bxh4 19.
Qxh4 Nf6 $10 {Murrey,J-Dorfman,J/FRA/1994/0:1 (71)}) 13... b5 14. Bb3 b4 15.
Ne2 Ba4 $1 16. Kb1 Bxb3 17. axb3 Rfc8 $132 {Beliavsky,A-Kramnik,V/Linares/1994/
0:1 (31)}) 12... dxe5 13. fxe5 Bc6 14. Bd2 (14. Bxf6 gxf6 15. Bd5 f5 $1 16.
Bxc6 bxc6 17. g4 Bg5+ 18. Kb1 Rad8 $15 {Polgar,J-Kramnik,V/Linares/1994/0:1 
(45)}) 14... Nd7 15. Nd5 Qd8 16. Nxe7+ Qxe7 17. Rhe1 Rfd8 18. Bf1 $5 (18. Qg4
Nf8 19. h4 (19. Bf1 Qc5 20. Bc3 Ng6 21. Qg5 Rd5 $10 {Kamsky,G-Anand,V/ Linares/
1993/ 0:1/ 68}) 19... Qc5 20. Bc3 Qf2 $1 21. Rd6 Qxg2 22. Qd4 Rac8 $10 {
Almasi,Z-Leko,P/HUN-ch/1994/}) 18... Nf8 19. Qe3 Rd5 $5 $146 (19... Qh4 20. h3
Ng6 21. c4 h6 22. g3 Qh5 23. Bc3 Rxd1+ 24. Rxd1 a6 25. h4 Qg4 26. Be2 Qh3 27.
Qf2 Rc8 $14 {Ehlvest,J-Salov,V/Linares/1991/}) (19... a6 20. g3 Rac8 21. Kb1
Ng6 22. Ba5 Rd5 23. Rxd5 Bxd5 24. b3 $14 {Beliavsky,A-Leko,P/Leon/1994/1:0 (41)
}) 20. c4 (20. Bc3 b6 21. Rxd5 Bxd5 22. b3 Rc8 23. Bb2 Qb7 $10) 20... Rd7 21.
Bc3 b6 22. Rxd7 Qxd7 23. Qd2 (23. Rd1 Qc7 24. Qd2 $14) 23... Qb7 $1 24. h4 $6 (
24. g3 $142 b5 25. Rd1) 24... b5 25. g4 $6 (25. cxb5 Bxb5 26. h5 $13) 25...
bxc4 26. Bxc4 Bd5 $5 27. Bxd5 exd5 $15 (27... Qxd5 28. Qxd5 exd5 29. Rd1 Rd8
30. Bb4 $10) 28. Rd1 Rd8 29. Bd4 (29. Bb4 Ne6 30. Bd6 d4 $17) 29... Ne6 30. Kb1
Rc8 31. b3 (31. Bc3 d4 32. Bxd4 $2 Qe4+ 33. Ka1 Rd8 $19) 31... a5 $1 32. Ka1 (
32. Qxa5 $2 Qc6 33. Qd2 Nxd4 34. Qxd4 Qc2+ 35. Ka1 Ra8 $19) 32... a4 33. bxa4
Rc4 34. Rb1 $5 (34. Bb2 d4 35. a5 Ra4 $17) 34... Rxd4 $2 (34... Qa8 $17) 35.
Rxb7 Rxd2 36. a5 Rd4 $8 37. a6 Ra4 38. a7 Nf8 39. h5 $1 $10 d4 (39... h6 40.
Kb2 g6 $2 (40... Kh7 41. Rb8 Rxa7 42. Rxf8 $10) 41. hxg6 fxg6 42. e6 $18) 40.
Kb2 d3 41. Kc3 Ra3+ 42. Kb2 Ra5 43. Kc3 Ra3+ 1/2-1/2